L'Unico Paese che confina con... - Statistics

Statistiche generali
  • Questo quiz è stato fatto 86 volte
  • Il punteggio medio è 12 su 15
Statistiche sulle risposte
Paesi confinanti Paese % Corretto
Norvegia; Corea del Nord Russia
99%
Canada; Messico Stati Uniti
89%
Turchia; Pakistan Iran
84%
Slovenia; Ucraina Ungheria
82%
Nicaragua; Panama Costa Rica
81%
Colombia; Cile Perù
81%
Messico; Honduras Guatemala
77%
Myanmar; Nepal India
77%
Bulgaria; Croazia Serbia
77%
Laos; Mongolia Cina
75%
Somalia; Sudan Etiopia
75%
Malesia; Timor Est Indonesia
73%
Botswana; Repubblica Democratica del Congo Zambia
71%
Guinea; Algeria Mali
68%
Gabon; Nigeria Camerun
62%
Nessun quiz corrispondente trovato
Distribuzione punteggi
Percentuale di utenti per punteggio
Percentile per numero di risposta
I tuoi punteggi nel tempo
Non hai fatto questo quiz